000 01215nam a2200361 4500
001 21496
003 VRT
005 20260302143934.0
008 230602s2023 xo gr 000 fdslo
015 _aSNBA2023/06
020 _a9788056910825
_q(viazané)
039 9 _a202310241422
_bAUTHORITY
_c202310241411
_dAUTHORITY
_c202306271250
_dmsnk24
_c202306271248
_dmsnk24
040 _aSNK
_bslo
_cSNK
_erda
041 0 _aslo
044 _axo
_cSK
072 7 _a821.162.4-3
_xSlovenská próza
_2konspekt
080 _a821.162.4-31
_22011
100 1 _aHavranová, Ivana,
_d1952-
_4aut
245 1 0 _aHniezdo
_cIvana Havranová
250 _a1. vydanie
264 1 _aBratislava
_bMarenčin PT
_c2023
300 _a159 strán
_c21 cm
336 _atext
_btxt
_2rdacontent
337 _abez média
_bn
_2rdamedia
338 _azväzok
_bnc
_2rdacarrier
500 _aObsahuje profesijné údaje o autorke na zadnej strane obálky publikácie
655 7 _aslovenské romány
_2SNKPH
655 7 _aSlovak fiction
_2SNKPHeng
942 _2ddc
_cKLDO
_n0
949 _617A1529652
_asnkSC 202439
_bsnk2023/8869
_o706/23
949 _617A1533470
_asnkSC 202439 D1
_bsnk2023/11774
_o706/23
999 _c21496
_d21496